Statistics for Alex Rider Books

Click here to take the quiz!

General Stats

  • This quiz has been taken 261 times
  • The average score is 7 of 9

Answer Stats

Answer% Correct
Storm Breaker
95%
Scorpia
90%
Point Blanc
88%
Skeleton Key
85%
Crocodile Tears
83%
Scorpia Rising
80%
Eagle Strike
76%
Ark Angel
75%
Snakehead
74%

Score Distribution

Percentile by Number Answered

Percent of People with Each Score

Your Score History

You have not taken this quiz